00906nam a2200217 a 45000010005000000030009000050080041000140200015000550400028000700820018000981000035001162450067001512600038002183000011002565900074002676500033003419420012003749990017003869520152004039520133005558139CO-ViMGA141112s2004 ck r 000 u spa d a9543400211 aCO-ViMGAbspacCO-ViMGA04aCo863.44 B18p1 aBastidas Padilla, Carlos9252010aPermitame que la muerda, senorita / cBastidas Padilla Carlos  aBogotá, cPlaza y Janes, c1997 a146 p. aForma de adquisición : donacion - - Proveedor : Luis Ángel Arango14acuentos colombianos siglo xx 2ddccBK c19953d19953 00102ddc40708003aMEVIECARbMEVIECARd2015-12-04hVolumen. 1 | 11/jun/2009l0oCo863.44 B18p p8139r2015-12-04 00:00:00tEj. 1w2015-12-04yBK 00102ddc40708GENaMEMACAREbMEMACAREcGENd2024-12-24l0oCo863.44 B18ppLM001851r2024-12-24 11:17:04tEj.1w2024-12-24yBK